|
|
|
|
| LEADER |
00000nam a22000007a 4500 |
| 005 |
2017051800120.0 |
| 007 |
cr|||| |||| |
| 008 |
170518c19959999ve zr|| s|||| 0|| b1spa d |
| 022 |
|
|
|a 1315-8597
|
| 035 |
|
|
|a 14643
|
| 040 |
|
|
|a vLex
|
| 090 |
|
|
|c 6666
|d 6666
|
| 245 |
0 |
0 |
|a Gaceta Laboral
|h [Recurso electrn̤ico]
|
| 256 |
|
|
|a Servicio en ln̕ea
|
| 260 |
|
|
|a [s.l.] :
|b Universidad del Zulia,
|c 1995 -
|
| 300 |
|
|
|a 1 recurso electrn̤ico
|
| 310 |
|
|
|a Tres veces al aǫ
|
| 362 |
|
|
|a Nm︢. 1 (1995) -
|
| 506 |
0 |
|
|a Contenido disponible en los productos indicados
|d vLex Global
|d vLex Global (Academic Edition, excluding Law Schools)
|d vLex Global (U.S. Academic Edition, Law Schools)
|d vLex Global (U.S. Academic Edition, excluding Law Schools)
|d vLex Global (Academic Edition, Law Schools)
|
| 650 |
0 |
4 |
|a Derecho laboral
|z Venezuela
|
| 740 |
0 |
|
|a vLex Revistas (Servicio en ln̕ea)
|
| 856 |
4 |
0 |
|u http://vlex.com/source/gaceta-laboral-14643
|z Acceso restringido
|
| 942 |
|
|
|c REV
|
| 999 |
0 |
|
|a Labor laws and legislation
|